000 00454nam a2200193Ia 4500
003 OSt
005 20250819122559.0
008 250729s2005 xx 000 0 und d
020 _a978-8176489423
040 _cAL
041 _aeng
082 _a370.78 GUPR
100 _ajoshi S R
_9221483
245 _aTeaching of science
260 _aNew Delhi
_bAshish Publishing
_c2005
300 _a220p
650 _aEducation
_9221484
942 _2ddc
_cBED
999 _c235032
_d235032